Handbuch des Wettbewerbsprozesses unter besonderer Berücksichtigung der Rechtsprechung

Gespeichert in:
Bibliographische Detailangaben
1. Verfasser: Melullis, Klaus J.
Format: Buch
Sprache:Deutsch
Veröffentlicht: Köln Schmidt 1991
Ausgabe:1. Aufl.
Schlagworte:
Tags: Tag hinzufügen
Keine Tags, Fügen Sie das erste Tag hinzu!

MARC

LEADER 00000nam a2200000 4500
001 c004695
005 20221214102102.5
020 |a 3-504-41200-3 
041 0 |a ger 
044 |a DE 
245 1 0 |a Handbuch des Wettbewerbsprozesses unter besonderer Berücksichtigung der Rechtsprechung  |c Klaus J. Melullis 
250 |a 1. Aufl. 
264 1 |a Köln  |b Schmidt  |c 1991 
300 |a 389 s. 
610 2 0 |a konkurencia 
610 2 0 |a právo hospodárske 
610 2 0 |a arbitráž hospodárska 
610 2 0 |a právomoc 
610 2 0 |a ochrana právna 
100 1 |a Melullis, Klaus J.